000 00662nam a22002297a 4500
003 UA-OsUOA
001 58070
007 ta
008 20090126b un ||||| |||| 00| 0 ukr d
100 _aВойтенко В.
700 _aХодзінський О.
090 _a330(477)
_bВ65
942 _cSA
040 _aUA-OsUOA
_bukr
_cUA-OsUOA
_dUA-OsUOA
245 _aБанки і гроші. Математичний аналіз ситуації, пов'язаної з рефінансуванням
300 _aС.7
955 _a0
041 _aukr
080 _a330(477)
773 0 _w58069
650 7 _a330 Економіка взагалі
_2UDC
999 _c344159
_d344159